header

Neo-slave narratives (Record no. 4568)

MARC details
000 -LEADER
fixed length control field 01842nam a2200433Ia 4500
082 04 - DEWEY DECIMAL CLASSIFICATION NUMBER
Classification number 810.9/353
100 1# - MAIN ENTRY--AUTHOR NAME
Personal name Rushdy, Ashraf H. A.,
245 10 - TITLE STATEMENT
Title Neo-slave narratives
260 ## - PUBLICATION, DISTRIBUTION, ETC. (IMPRINT)
Place of publication New York :
Name of publisher Oxford University Press,
Year of publication 1999.
300 ## - PHYSICAL DESCRIPTION
Number of Pages viii, 286 p.
490 1# - SERIES STATEMENT
Series statement Race and American culture
650 #0 - SUBJECT ADDED ENTRY--TOPICAL TERM
Topical Term African Americans in literature.
Topical Term African Americans
Topical Term American fiction
Topical Term American fiction
Topical Term First person narrative.
Topical Term Influence (Literary, artistic, etc.)
Topical Term Literary form
Topical Term Literature and society
Topical Term Slavery in literature.
Topical Term Slaves' writings, American
856 40 - ELECTRONIC LOCATION AND ACCESS
Uniform Resource Identifier http://site.ebrary.com/lib/rucke/Doc?id=10279533

No items available.

© 2026 Rongo University
Contact us: librarian | system librarian | Rongo university